[Event "FRA-ch Women 2018"]
[Site "Nimes"]
[Date "2018.08.22"]
[Round "5"]
[White "Navrotescu, Andreea-Cristiana"]
[Black "Milliet, Sophie"]
[Result "0-1"]
[WhiteElo "2247"]
[BlackElo "2389"]
[Annotator "NA"]
[PlyCount "80"]
[EventDate "2018.08.18"]
[EventType "tourn"]
[EventCountry "FRA"]
[SourceTitle "playchess.com"]
[Source "ChessBase"]
[SourceQuality "1"]
[TimeControl "40/5400+30:1800+30"]

1. g3 {[%emt 0:00:00]} c5 {[%emt 0:04:24]} 2. c4 {[%emt 0:00:00]} Nc6 {[%emt 0:00:10]} 3. Bg2 {[%emt 0:00:00]} g6 {[%emt 0:00:13]} 4. Nc3 {[%emt 0:00:20]} Bg7 {[%emt 0:00:04]} 5. e4 {[%emt 0:00:07]} d6 {[%emt 0:00:17]} 6. Nge2 {[%emt 0:00:13]} Nf6 {[%emt 0:00:07]} 7. d3 {[%emt 0:00:37]} O-O {[%emt 0:00:14]} 8. O-O {[%emt 0:01:08]} Rb8 {[%emt 0:00:11]} 9. Rb1 {[%emt 0:00:21]} a6 {[%emt 0:00:51] LiveBook: 78 Games} 10. a4 {[%emt 0:00:26]} Ne8 {[%emt 0:07:03]} 11. Be3 {[%emt 0:00:14]} e5 {[%emt 0:00:29] A36: Symmetrical English vs ...g6: 4 Bg2 Bg7} (11... Nc7 12. d4 cxd4 13. Nxd4 Ne6 14. Nde2 Nc5 15. b4 Nd7 16. f4 a5 17. b5 Nb4 18. Nd5 Nc5 19. Nxb4 axb4 20. Rxb4 {0-1 (53) Eljanov,P (2711)-Amonatov,F (2636) Riadh 2017}) 12. f4 $146 {[%emt 0:04:33]} ({Predecessor:} 12. Qd2 Nc7 13. Bh6 Be6 14. Bxg7 Kxg7 15. f4 f6 16. Nd5 b5 17. b3 Nd4 18. Nxd4 cxd4 19. Nb4 {1-0 (58) Foisor,M (2155)-Paulet,I (2342) Eforie Nord 2009}) 12... exf4 {[%emt 0:01:06]} 13. Nxf4 {[%emt 0:03:27]} Nc7 {[%emt 0:10:19]} 14. Qd2 {[%emt 0:05:02]} b5 {[%emt 0:08:37]} 15. axb5 {[%emt 0:00:17]} axb5 {[%emt 0:00:03]} 16. b3 {[%emt 0:01:06]} b4 {[%emt 0:08:29]} 17. Ncd5 {[%emt 0:00:26]} Nxd5 {[%emt 0:02:23]} 18. Nxd5 {[%emt 0:00:43]} Be6 {[%emt 0:01:11]} 19. Nf4 {[%emt 0:05:49]} Qd7 {[%emt 0:06:43]} 20. Ne2 $15 {[%emt 0:02:18]} Bg4 {[%emt 0:01:00]} 21. Bf3 {[%emt 0:00:45]} Bxf3 {[%emt 0:11:52]} 22. Rxf3 {[%emt 0:00:03]} Ra8 {[%emt 0:00:06]} 23. d4 {[%emt 0:20:39]} Qe7 {[%emt 0:00:39]} 24. dxc5 {[%emt 0:05:40]} dxc5 {[%emt 0:00:38]} 25. Qd5 {[%emt 0:00:29]} Ne5 {[%emt 0:00:29]} 26. Rff1 {[%emt 0:03:55]} Rac8 {[%emt 0:09:41]} 27. Rbd1 {[%emt 0:01:36]} Rfe8 {[%emt 0:01:53]} 28. h3 {[%emt 0:03:49]} Red8 {[%emt 0:09:21]} 29. Bxc5 {[%emt 0:00:08]} Qg5 {[%emt 0:00:04]} 30. Bd6 {[%emt 0:01:09]} Qe3+ {[%emt 0:00:23]} 31. Rf2 {[%emt 0:00:09]} Qxb3 {[%emt 0:00:50]} 32. c5 {[%emt 0:01:41]} Qe3 {[%emt 0:02:06]} 33. Kf1 {[%emt 0:08:23]} b3 {[%emt 0:01:58]} 34. Qd4 {[%emt 0:11:21]} Ng4 {[%emt 0:00:48]} 35. hxg4 {[%emt 0:04:44]} Bxd4 {[%emt 0:00:06]} 36. Nxd4 {[%emt 0:00:10]} Qxe4 {[%emt 0:01:39]} 37. Kg1 {[%emt 0:01:38]} Qxg4 {[%emt 0:00:47]} 38. Rd3 {[%emt 0:00:21]} Re8 {[%emt 0:06:19]} 39. Nxb3 {[%emt 0:00:52]} Re1+ {[%emt 0:00:21]} 40. Rf1 {[%emt 0:01:19]} Qe2 {[%emt 0:00:24]} 0-1

[Event "FRA-ch Women 2018"]
[Site "Nimes"]
[Date "2018.08.22"]
[Round "5"]
[White "Leconte, Maria"]
[Black "Benmesbah, Natacha"]
[Result "1-0"]
[WhiteElo "2224"]
[BlackElo "2255"]
[Annotator "NA"]
[PlyCount "101"]
[EventDate "2018.08.18"]
[EventType "tourn"]
[EventCountry "FRA"]
[SourceTitle "playchess.com"]
[Source "ChessBase"]
[SourceQuality "1"]
[TimeControl "40/5400+30:1800+30"]

1. e4 {[%emt 0:00:00]} c5 {[%emt 0:02:53]} 2. c3 {[%emt 0:00:00]} d5 {[%emt 0:00:50]} 3. exd5 {[%emt 0:00:00]} Qxd5 {[%emt 0:00:04]} 4. d4 {[%emt 0:00:07]} Nc6 {[%emt 0:00:08]} 5. Nf3 {[%emt 0:00:07]} Bf5 {[%emt 0:00:40]} 6. Be3 {[%emt 0:00:16]} Nf6 {[%emt 0:01:22]} 7. Na3 {[%emt 0:00:35]} cxd4 {[%emt 0:04:45]} 8. Bc4 {[%emt 0:00:14]} Qd7 {[%emt 0:20:54]} 9. Nxd4 {[%emt 0:00:51]} Nxd4 {[%emt 0:01:01]} 10. Bxd4 {[%emt 0:00:08] LiveBook: 4 Games} a6 {[%emt 0:01:03]} 11. Be2 {[%emt 0:00:24]} e6 {[%emt 0:05:57]} 12. Nc4 {[%emt 0:01:11]} Rd8 {[%emt 0:00:23]} 13. Bb6 {[%emt 0:12:46]} Rc8 {[%emt 0:03:04]} 14. Qb3 {[%emt 0:12:07]} Be7 {[%emt 0:01:15]} 15. Rd1 $11 {[%emt 0:19:17]} Qc6 {[%emt 0:01:44]} 16. O-O {[%emt 0:15:42]} Nd5 {[%emt 0:00:51]} 17. Rfe1 {[%emt 0:12:34]} O-O {[%emt 0:00:25]} 18. Bd4 {[%emt 0:00:48]} Nf4 {[%emt 0:12:25]} 19. Bf1 {[%emt 0:00:05]} b5 {[%emt 0:00:48]} 20. Ne3 {[%emt 0:03:35]} Be4 {[%emt 0:03:55]} 21. f3 {[%emt 0:00:36]} Bg6 {[%emt 0:01:18]} 22. c4 {[%emt 0:04:43]} bxc4 {[%emt 0:02:02]} 23. Qxc4 {[%emt 0:01:11]} a5 {[%emt 0:06:04]} 24. Qxc6 {[%emt 0:00:35]} Rxc6 {[%emt 0:00:03]} 25. g3 {[%emt 0:00:09]} Nh5 {[%emt 0:00:10]} 26. Bb5 {[%emt 0:02:37]} Rcc8 {[%emt 0:00:55]} 27. Rc1 {[%emt 0:01:04]} Nf6 {[%emt 0:01:39]} 28. Kg2 {[%emt 0:01:05]} Bb4 {[%emt 0:00:34]} 29. Bc3 {[%emt 0:01:04]} Bxc3 {[%emt 0:03:39]} 30. Rxc3 {[%emt 0:00:07]} Rb8 {[%emt 0:00:36]} 31. a4 {[%emt 0:01:22]} Rfd8 {[%emt 0:00:05]} 32. Re2 {[%emt 0:04:34]} h5 {[%emt 0:01:13]} 33. Rc5 {[%emt 0:02:29]} Rd4 {[%emt 0:00:35]} 34. Bc4 {[%emt 0:01:20]} Ra8 {[%emt 0:00:23]} 35. Kf2 {[%emt 0:00:46]} Nd7 {[%emt 0:04:14]} 36. Rb5 {[%emt 0:00:19]} Ra7 {[%emt 0:01:33]} 37. b3 {[%emt 0:00:27]} Kh7 {[%emt 0:01:16]} 38. h4 {[%emt 0:00:06]} Nf6 {[%emt 0:02:11]} 39. Ke1 {[%emt 0:00:55]} Bd3 {[%emt 0:00:42]} 40. Rd2 {[%emt 0:01:23]} Bxc4 {[%emt 0:02:02]} 41. Nxc4 {[%emt 0:06:15]} Rad7 {[%emt 0:03:39]} 42. Rxd4 {[%emt 0:02:58]} Rxd4 {[%emt 0:00:04]} 43. Ke2 {[%emt 0:00:04]} Nd5 {[%emt 0:00:18]} 44. Rxa5 {[%emt 0:00:11]} Nc3+ {[%emt 0:00:23]} 45. Ke3 {[%emt 0:00:38]} Rd1 {[%emt 0:00:05]} 46. Rxh5+ {[%emt 0:00:19]} Kg6 {[%emt 0:00:03]} 47. Rc5 {[%emt 0:01:41]} Nd5+ {[%emt 0:00:12]} 48. Ke2 {[%emt 0:01:50]} Rg1 {[%emt 0:02:06]} 49. Ne3 {[%emt 0:04:34]} Nf6 {[%emt 0:02:51]} 50. a5 {[%emt 0:01:05]} Rxg3 {[%emt 0:00:08]} 51. a6 {[%emt 0:02:04]} 1-0

[Event "FRA-ch Women 2018"]
[Site "Nimes"]
[Date "2018.08.22"]
[Round "5"]
[White "Bollengier, Andreea"]
[Black "Afraoui, Anaelle"]
[Result "1-0"]
[WhiteElo "2219"]
[BlackElo "2041"]
[Annotator "NA"]
[PlyCount "111"]
[EventDate "2018.08.18"]
[EventType "tourn"]
[EventCountry "FRA"]
[SourceTitle "playchess.com"]
[Source "ChessBase"]
[SourceQuality "1"]
[TimeControl "40/5400+30:1800+30"]

1. c4 {[%emt 0:00:00]} Nf6 {[%emt 0:00:00]} 2. Nc3 {[%emt 0:00:00]} g6 {[%emt 0:00:00]} 3. g3 {[%emt 0:00:00]} Bg7 {[%emt 0:00:00]} 4. Bg2 {[%emt 0:00:05]} O-O {[%emt 0:00:06]} 5. Nf3 {[%emt 0:05:01]} d6 {[%emt 0:00:25]} 6. O-O {[%emt 0:00:30]} e5 {[%emt 0:00:45]} 7. d4 {[%emt 0:03:35]} Nbd7 {[%emt 0:04:28]} 8. e4 {[%emt 0:00:26]} exd4 {[%emt 0:01:14]} 9. Nxd4 {[%emt 0:00:08]} Re8 {[%emt 0:02:28]} 10. Re1 {[%emt 0:03:59]} a6 {[%emt 0:02:25]} 11. h3 {[%emt 0:02:19]} Rb8 {[%emt 0:01:19]} 12. Be3 {[%emt 0:04:30]} Ne5 {[%emt 0:01:10]} 13. b3 {[%emt 0:00:31]} c5 {[%emt 0:01:36]} 14. Nc2 {[%emt 0:05:42]} b5 {[%emt 0:04:23]} 15. f4 {[%emt 0:01:20]} Ned7 {[%emt 0:00:40]} 16. cxb5 {[%emt 0:14:29]} axb5 {[%emt 0:00:49]} 17. Qxd6 {[%emt 0:04:30]} b4 $15 {[%emt 0:10:27] LiveBook: 3 Partien} 18. e5 {[%emt 0:01:38]} Rb6 {[%emt 0:07:33]} 19. Qd1 {[%emt 0:05:58]} bxc3 {[%emt 0:06:53]} 20. exf6 {[%emt 0:00:08]} Bxf6 {[%emt 0:01:38]} 21. Kh2 {[%emt 0:06:21]} Rbe6 {[%emt 0:12:28]} 22. a4 {[%emt 0:12:38]} Qc7 {[%emt 0:08:06]} 23. Bd5 {[%emt 0:01:27]} Rd6 {[%emt 0:08:14]} 24. Qf3 {[%emt 0:00:25]} Rd8 {[%emt 0:12:29]} 25. Red1 {[%emt 0:15:42]} Bg7 {[%emt 0:06:23]} 26. Na3 {[%emt 0:06:47]} c2 {[%emt 0:04:30]} 27. Nb5 {[%emt 0:00:38]} Bxa1 {[%emt 0:01:11]} 28. Nxc7 {[%emt 0:00:06]} cxd1=Q {[%emt 0:00:00]} 29. Qxd1 {[%emt 0:00:02]} Nf6 {[%emt 0:01:19]} 30. Bxc5 {[%emt 0:01:20]} R6d7 {[%emt 0:00:41]} 31. Qxa1 {[%emt 0:03:57]} Nxd5 {[%emt 0:00:11]} 32. Nxd5 {[%emt 0:00:30]} Rxd5 {[%emt 0:00:05]} 33. Be3 {[%emt 0:00:16]} Rd3 {[%emt 0:00:52]} 34. Qe5 {[%emt 0:00:38]} Bb7 {[%emt 0:00:42]} 35. b4 h5 {[%emt 0:01:12]} 36. g4 {[%emt 0:01:29]} h4 {[%emt 0:00:30]} 37. Kg1 {[%emt 0:00:26]} Rd1+ {[%emt 0:00:38]} 38. Kf2 {[%emt 0:00:00]} Rh1 {[%emt 0:00:30]} 39. Bd4 {[%emt 0:01:26]} Rh2+ {[%emt 0:00:14]} 40. Ke1 {[%emt 0:00:21]} Rh1+ {[%emt 0:00:16]} 41. Kf2 {[%emt 0:30:37]} Rh2+ {[%emt 0:03:22]} 42. Ke1 {[%emt 0:00:00]} Rh1+ {[%emt 0:07:30]} 43. Kd2 {[%emt 0:00:00]} Rh2+ {[%emt 0:00:54]} 44. Kd3 {[%emt 0:00:00]} Rxh3+ {[%emt 0:01:50]} 45. Kc4 {[%emt 0:00:00]} Rxd4+ {[%emt 0:05:05]} 46. Kxd4 {[%emt 0:00:00]} Bg2 {[%emt 0:02:21]} 47. f5 {[%emt 0:00:00]} Rg3 {[%emt 0:09:21]} 48. Qe8+ {[%emt 0:00:00]} Kg7 {[%emt 0:00:59]} 49. f6+ {[%emt 0:00:00]} Kh6 {[%emt 0:02:18]} 50. Qxf7 {[%emt 0:00:00]} Rxg4+ {[%emt 0:00:06]} 51. Ke3 {[%emt 0:00:00]} Kg5 {[%emt 0:01:35]} 52. Qe7 {[%emt 0:00:00]} Re4+ {[%emt 0:01:00]} 53. Qxe4 {[%emt 0:00:00]} Bxe4 {[%emt 0:00:03]} 54. f7 {[%emt 0:00:00]} h3 {[%emt 0:00:06]} 55. f8=Q {[%emt 0:00:00]} h2 {[%emt 0:00:05]} 56. Qf4+ {[%emt 0:00:00]} 1-0

[Event "FRA-ch Women 2018"]
[Site "Nimes"]
[Date "2018.08.22"]
[Round "5"]
[White "Haussernot, Cecile"]
[Black "Guichard, Pauline"]
[Result "1-0"]
[WhiteElo "2198"]
[BlackElo "2365"]
[Annotator "NA"]
[PlyCount "87"]
[EventDate "2018.08.18"]
[EventType "tourn"]
[EventCountry "FRA"]
[SourceTitle "playchess.com"]
[Source "ChessBase"]
[SourceQuality "1"]
[TimeControl "40/5400+30:1800+30"]

1. e4 {[%emt 0:05:19]} d6 {[%emt 0:00:00]} 2. d4 {[%emt 0:00:26]} Nf6 {[%emt 0:00:00]} 3. Nc3 {[%emt 0:00:14]} e5 {[%emt 0:00:00]} 4. Nf3 {[%emt 0:00:04]} Nbd7 {[%emt 0:00:03]} 5. Bc4 {[%emt 0:00:08]} Be7 {[%emt 0:00:11]} 6. a4 {[%emt 0:00:08]} O-O {[%emt 0:00:08]} 7. O-O {[%emt 0:00:08]} exd4 {[%emt 0:00:07]} 8. Nxd4 {[%emt 0:00:57]} Nb6 {[%emt 0:00:09]} 9. Ba2 {[%emt 0:02:26]} a5 {[%emt 0:00:13]} 10. Bg5 {[%emt 0:00:54]} Nfd5 {[%emt 0:13:10]} 11. Nxd5 {[%emt 0:13:50]} Nxd5 {[%emt 0:01:53]} 12. Bxe7 {[%emt 0:02:59]} Nxe7 {[%emt 0:00:08]} 13. f4 {[%emt 0:02:51]} d5 {[%emt 0:10:58]} 14. e5 {[%emt 0:13:49]} Ra6 {[%emt 0:03:12]} 15. c3 {[%emt 0:02:20]} Rh6 {[%emt 0:01:33]} 16. Qf3 $14 {[%emt 0:01:51]} c6 {[%emt 0:07:58]} 17. Rad1 {[%emt 0:05:30]} Nf5 {[%emt 0:11:42]} 18. Bb1 {[%emt 0:04:02]} Nxd4 {[%emt 0:02:45]} 19. Rxd4 {[%emt 0:00:17]} f6 {[%emt 0:00:51]} 20. Re1 {[%emt 0:03:35]} fxe5 {[%emt 0:01:12]} 21. Rxe5 {[%emt 0:00:11]} Qh4 {[%emt 0:00:27]} 22. h3 {[%emt 0:01:06]} Qf6 {[%emt 0:04:08]} 23. Qe3 {[%emt 0:02:02]} Be6 {[%emt 0:15:30]} 24. Bc2 {[%emt 0:09:28]} Bf7 {[%emt 0:01:55]} 25. g4 {[%emt 0:06:26]} c5 {[%emt 0:03:28]} 26. Rd2 {[%emt 0:00:44]} Qb6 {[%emt 0:01:26]} 27. g5 {[%emt 0:04:27]} Rd6 {[%emt 0:05:53]} 28. Kh2 {[%emt 0:02:51]} d4 {[%emt 0:01:02]} 29. cxd4 {[%emt 0:02:49]} Rxd4 {[%emt 0:00:33]} 30. Rxd4 {[%emt 0:00:24]} cxd4 {[%emt 0:00:05]} 31. Qe4 {[%emt 0:00:18]} Bg6 {[%emt 0:09:18]} 32. f5 {[%emt 0:02:21]} d3 {[%emt 0:00:11]} 33. Bxd3 {[%emt 0:05:20]} Qxb2+ {[%emt 0:02:31]} 34. Kg3 {[%emt 0:00:32]} Bf7 {[%emt 0:02:15]} 35. Re7 {[%emt 0:02:33]} Qd2 {[%emt 0:01:24]} 36. Rxf7 {[%emt 0:03:22]} Qxg5+ {[%emt 0:00:08]} 37. Kf2 {[%emt 0:00:40]} Qd2+ {[%emt 0:00:44]} 38. Kf3 {[%emt 0:00:14]} Qd1+ {[%emt 0:00:15]} 39. Kg3 {[%emt 0:00:49]} Qg1+ {[%emt 0:00:25]} 40. Kh4 {[%emt 0:00:34]} Qf2+ {[%emt 0:01:27]} 41. Kh5 {[%emt 0:30:32]} Rc8 {[%emt 0:04:46]} 42. Bc4 {[%emt 0:00:00]} Kh8 {[%emt 0:02:52]} 43. Qg4 {[%emt 0:00:00]} Rg8 {[%emt 0:01:23]} 44. Qxg7+ {[%emt 0:00:00]} 1-0

[Event "FRA-ch Women 2018"]
[Site "Nimes"]
[Date "2018.08.22"]
[Round "5"]
[White "Safranska, Anda"]
[Black "Monpeurt, Cyrielle"]
[Result "1-0"]
[WhiteElo "2193"]
[BlackElo "2175"]
[Annotator "NA"]
[PlyCount "169"]
[EventDate "2018.08.18"]
[EventType "tourn"]
[EventCountry "FRA"]
[SourceTitle "playchess.com"]
[Source "ChessBase"]
[SourceQuality "1"]
[TimeControl "40/5400+30:1800+30"]

1. Nf3 {[%emt 0:00:00]} d5 {[%emt 0:00:00]} 2. g3 {[%emt 0:00:00]} c5 {[%emt 0:00:25]} 3. Bg2 {[%emt 0:00:00]} Nf6 {[%emt 0:00:46]} 4. d3 {[%emt 0:00:00]} e6 {[%emt 0:00:46]} 5. O-O {[%emt 0:00:13]} Be7 {[%emt 0:00:38]} 6. Nbd2 {[%emt 0:00:11]} Nc6 {[%emt 0:00:45]} 7. e4 {[%emt 0:00:11]} b6 {[%emt 0:03:20]} 8. Re1 {[%emt 0:00:35]} Bb7 {[%emt 0:01:33]} 9. a3 {[%emt 0:01:50]} Qc7 {[%emt 0:02:31]} 10. Qe2 {[%emt 0:01:14]} O-O {[%emt 0:02:37]} 11. e5 {[%emt 0:07:16] C00: French: Unusual White 2nd moves} Nd7 {[%emt 0:01:05]} 12. c4 $146 {[%emt 0:02:15]} ({Predecessor:} 12. h4 Rae8 13. Bh3 f5 14. exf6 Bxf6 15. Bxe6+ Kh8 16. Qd1 Qd6 {1-0 (60) Movsziszian,K (2570)-Salvador,R (2447) Imperia 2009}) 12... Rfd8 {[%emt 0:02:32]} 13. cxd5 {[%emt 0:07:24]} exd5 {[%emt 0:01:12]} 14. e6 {[%emt 0:00:04]} Nf8 {[%emt 0:02:48]} 15. exf7+ {[%emt 0:00:12]} Kxf7 {[%emt 0:00:18]} 16. Nf1 {[%emt 0:10:45]} (16. d4 $5) 16... Bf6 {[%emt 0:13:54]} 17. Bg5 {[%emt 0:01:20]} Re8 {[%emt 0:06:14]} 18. Qd2 {[%emt 0:02:30]} d4 {[%emt 0:15:46]} 19. Bxf6 {[%emt 0:01:07]} gxf6 {[%emt 0:03:04]} 20. Qh6 {[%emt 0:01:50]} Ne7 {[%emt 0:08:16]} 21. N1d2 {[%emt 0:02:56]} Neg6 {[%emt 0:03:14]} 22. Ne4 {[%emt 0:10:20]} Bxe4 {[%emt 0:04:22]} 23. dxe4 {[%emt 0:00:41]} Rad8 {[%emt 0:00:26]} 24. Red1 {[%emt 0:19:36]} Kg8 {[%emt 0:02:24]} 25. Nh4 {[%emt 0:04:22]} Nxh4 {[%emt 0:02:11]} 26. Qxh4 {[%emt 0:00:07]} Qg7 {[%emt 0:03:23]} 27. Rac1 {[%emt 0:06:33]} Ng6 {[%emt 0:01:34]} 28. Qh5 {[%emt 0:01:08]} Re5 {[%emt 0:11:44]} 29. Qe2 {[%emt 0:03:02]} Qd7 {[%emt 0:00:42]} 30. Bf1 {[%emt 0:02:35]} a5 {[%emt 0:02:15]} 31. f4 {[%emt 0:02:33]} Ree8 {[%emt 0:00:06]} 32. Qc4+ {[%emt 0:01:03]} Kh8 {[%emt 0:00:17]} 33. Qd3 {[%emt 0:03:47]} Rc8 {[%emt 0:03:09]} 34. Re1 {[%emt 0:01:17]} Qg7 {[%emt 0:01:20]} 35. Qf3 {[%emt 0:02:16]} Qd7 {[%emt 0:00:59]} 36. Qb3 {[%emt 0:01:44]} Qd6 {[%emt 0:00:36]} 37. a4 {[%emt 0:00:59]} Rg8 {[%emt 0:00:29]} 38. Kh1 {[%emt 0:00:23]} Rc7 {[%emt 0:00:26]} 39. Bc4 {[%emt 0:00:25]} Rd8 {[%emt 0:00:30]} 40. Rcd1 {[%emt 0:00:10]} Rg7 {[%emt 0:00:40]} 41. Qf3 {[%emt 0:30:21]} Re7 {[%emt 0:04:18]} 42. b3 {[%emt 0:00:00]} Nf8 {[%emt 0:03:34]} 43. Rd2 {[%emt 0:00:00]} Nd7 {[%emt 0:02:30]} 44. Qh5 {[%emt 0:00:00]} Rde8 {[%emt 0:02:44]} 45. Qf5 {[%emt 0:00:00]} Nf8 {[%emt 0:03:12]} 46. Bb5 {[%emt 0:00:00]} Rd8 {[%emt 0:01:01]} 47. Bc4 {[%emt 0:00:00]} Rde8 {[%emt 0:00:04]} 48. Kg1 {[%emt 0:00:00]} Ng6 {[%emt 0:02:37]} 49. h4 {[%emt 0:00:00]} Rg7 {[%emt 0:02:52]} 50. Kf2 {[%emt 0:00:00]} Qd7 {[%emt 0:04:38]} 51. Qxd7 {[%emt 0:00:00]} Rxd7 {[%emt 0:00:05]} 52. Bb5 {[%emt 0:00:00]} Rde7 {[%emt 0:00:03]} 53. Bxe8 {[%emt 0:00:00]} Rxe8 {[%emt 0:00:03]} 54. h5 {[%emt 0:00:00]} Ne7 {[%emt 0:00:47]} 55. g4 {[%emt 0:00:00]} Nc6 {[%emt 0:00:18]} 56. Kf3 {[%emt 0:00:00]} Kg7 {[%emt 0:00:29]} 57. Rg1 {[%emt 0:00:00]} Kf7 {[%emt 0:00:23]} 58. g5 {[%emt 0:00:00]} f5 {[%emt 0:00:31]} 59. g6+ {[%emt 0:00:00]} hxg6 {[%emt 0:00:17]} 60. hxg6+ {[%emt 0:00:00]} Kg7 {[%emt 0:00:16]} 61. exf5 {[%emt 0:00:00]} Re3+ {[%emt 0:00:04]} 62. Kg4 {[%emt 0:00:00]} Ne7 {[%emt 0:01:42]} 63. Kg5 {[%emt 0:00:00]} Nd5 {[%emt 0:00:17]} 64. f6+ {[%emt 0:00:34]} Nxf6 {[%emt 0:00:04]} 65. Rh2 {[%emt 0:07:26]} d3 {[%emt 0:01:20]} 66. Kf5 {[%emt 0:00:53]} Re8 {[%emt 0:01:32]} 67. Rd1 {[%emt 0:02:00]} Rd8 {[%emt 0:00:06]} 68. Rh3 {[%emt 0:01:08]} d2 {[%emt 0:01:11]} 69. Rh2 {[%emt 0:00:14]} Rd5+ {[%emt 0:02:38]} 70. Ke6 {[%emt 0:00:05]} Rd4 {[%emt 0:00:43]} 71. Rdxd2 {[%emt 0:03:46]} Rxf4 {[%emt 0:00:05]} 72. Rd6 {[%emt 0:01:15]} Kxg6 {[%emt 0:01:58]} 73. Rg2+ {[%emt 0:00:30]} Ng4 {[%emt 0:00:05]} 74. Kd7+ {[%emt 0:00:25]} Kf7 {[%emt 0:00:46]} 75. Rxb6 {[%emt 0:00:47]} Nf6+ {[%emt 0:00:27]} 76. Kc6 {[%emt 0:00:37]} Ne4 {[%emt 0:01:03]} 77. Rb7+ {[%emt 0:00:37]} Kf6 {[%emt 0:00:22]} 78. Rc2 {[%emt 0:00:23]} Rf5 {[%emt 0:00:58]} 79. Rc4 {[%emt 0:00:41]} Re5 {[%emt 0:00:27]} 80. Rb6 {[%emt 0:00:59]} Re6+ {[%emt 0:00:15]} 81. Kc7 {[%emt 0:00:11]} Ng5 {[%emt 0:01:59]} 82. Rxe6+ {[%emt 0:00:15]} Nxe6+ {[%emt 0:00:04]} 83. Kb6 {[%emt 0:00:06]} Nd4 {[%emt 0:00:17]} 84. Rc3 {[%emt 0:00:20]} Ke6 {[%emt 0:00:18]} 85. Kxc5 {[%emt 0:00:18] Kd5+} 1-0

[Event "FRA-ch Women 2018"]
[Site "Nimes"]
[Date "2018.08.23"]
[Round "6"]
[White "Milliet, Sophie"]
[Black "Monpeurt, Cyrielle"]
[Result "1/2-1/2"]
[WhiteElo "2389"]
[BlackElo "2175"]
[Annotator "NA"]
[PlyCount "93"]
[EventDate "2018.08.18"]
[EventType "tourn"]
[EventCountry "FRA"]
[SourceTitle "playchess.com"]
[Source "ChessBase"]
[SourceQuality "1"]
[TimeControl "40/5400+30:1800+30"]

1. e4 {[%emt 0:00:00]} c5 {[%emt 0:00:00]} 2. Nf3 {[%emt 0:00:07]} Nc6 {[%emt 0:00:00]} 3. Nc3 {[%emt 0:06:19]} Nf6 {[%emt 0:00:01]} 4. Bb5 {[%emt 0:01:21]} Qc7 {[%emt 0:00:15]} 5. O-O {[%emt 0:00:16]} a6 {[%emt 0:01:32]} 6. Bxc6 {[%emt 0:01:10]} dxc6 {[%emt 0:00:17]} 7. e5 {[%emt 0:05:04]} Nd5 {[%emt 0:00:17]} 8. Ne4 {[%emt 0:01:16]} Bg4 {[%emt 0:01:55] LiveBook: 16 Games} 9. Nxc5 {[%emt 0:02:08]} e6 {[%emt 0:00:32]} 10. Nb3 {[%emt 0:06:34]} Bxf3 {[%emt 0:01:37]} 11. Qxf3 {[%emt 0:00:04]} Qxe5 {[%emt 0:00:15]} 12. d4 {[%emt 0:03:23]} Qf6 {[%emt 0:03:59]} 13. Qe2 {[%emt 0:02:55]} Bd6 {[%emt 0:05:48]} 14. c4 {[%emt 0:00:58]} Ne7 $11 {[%emt 0:05:14]} 15. Bd2 {[%emt 0:06:09]} O-O {[%emt 0:06:01]} 16. Bc3 {[%emt 0:00:12]} Qh6 {[%emt 0:00:55]} 17. g3 {[%emt 0:00:48]} b5 {[%emt 0:19:10]} 18. Na5 {[%emt 0:03:21]} Rab8 {[%emt 0:08:54]} 19. a4 {[%emt 0:07:03]} Rfc8 {[%emt 0:09:54]} 20. Rfd1 {[%emt 0:06:35]} Qh3 {[%emt 0:04:12]} 21. axb5 {[%emt 0:07:57]} axb5 {[%emt 0:00:10]} 22. b3 {[%emt 0:00:22]} h5 {[%emt 0:01:30]} 23. Qf3 {[%emt 0:18:00]} h4 {[%emt 0:01:56]} 24. Bd2 {[%emt 0:00:43]} hxg3 {[%emt 0:10:07]} 25. hxg3 {[%emt 0:00:01]} Nf5 {[%emt 0:05:13]} 26. Nxc6 {[%emt 0:13:10]} Rxc6 {[%emt 0:02:30]} 27. Qxc6 {[%emt 0:00:03]} Nxd4 {[%emt 0:00:07]} 28. Qg2 {[%emt 0:01:36]} Qh5 {[%emt 0:03:03]} 29. g4 {[%emt 0:01:02]} Qh4 {[%emt 0:01:37]} 30. Ra8 {[%emt 0:02:41]} Qf6 {[%emt 0:05:07]} 31. Rxb8+ {[%emt 0:00:15]} Bxb8 {[%emt 0:00:02]} 32. f4 {[%emt 0:02:19]} Nxb3 {[%emt 0:02:14]} 33. Be3 {[%emt 0:00:38]} bxc4 {[%emt 0:00:46]} 34. Qa8 {[%emt 0:00:11]} Qh4 {[%emt 0:00:24]} 35. Qxb8+ {[%emt 0:01:16]} Kh7 {[%emt 0:00:04]} 36. Kf1 {[%emt 0:01:21]} Qh3+ {[%emt 0:01:13]} 37. Kf2 {[%emt 0:00:16]} Qh2+ {[%emt 0:00:49]} 38. Kf3 {[%emt 0:00:15]} Qh3+ {[%emt 0:00:48]} 39. Kf2 {[%emt 0:00:10]} Qh2+ {[%emt 0:00:11]} 40. Kf3 {[%emt 0:01:26]} Qh3+ {[%emt 0:00:04]} 41. Ke2 {[%emt 0:17:10]} Qg2+ {[%emt 0:03:31]} 42. Ke1 {[%emt 0:00:51]} Qh1+ {[%emt 0:00:30]} 43. Ke2 {[%emt 0:00:05]} Qg2+ {[%emt 0:00:17]} 44. Bf2 {[%emt 0:10:43]} Qe4+ {[%emt 0:00:22]} 45. Be3 {[%emt 0:00:50]} Qg2+ {[%emt 0:00:17]} 46. Ke1 {[%emt 0:00:27]} Qh1+ {[%emt 0:00:11]} 47. Ke2 {[%emt 0:00:04]} 1/2-1/2